000 00576nam a2200157 4500
999 _c17131
_d17131
008 220607b ||||| |||| 00| 0 eng d
022 _a0732-8435
082 _aDPer 657.05 C33 Jan - Apr 2011, v. 81 n 1 - 4
100 _aMintz, Steven M.
_910922
245 _aEthics, professional judgement, and principles-based decision making under IFRS/
_cSteven M. Mintz.
260 _aNew York:
_bThe New York State Society of CPA,
_c2011.
300 _aV81 n1, pages 68-72:
_billustrations;
_c28 cm.
500 _aThe CPA Journal.
650 _aAccounting.
_945517
942 _2ddc
_cPER